| 000 | 00360 a2200133 4500 | ||
|---|---|---|---|
| 082 | _a410 | ||
| 090 |
_c1492 _d1492 |
||
| 100 | _aTraugott,Elizabeth Closs. | ||
| 245 |
_aLinguistics for Students of Literature _cElizabeth Closs Traugott |
||
| 260 |
_aIslamabad _bNational book Foundation |
||
| 300 | _a444p | ||
| 500 | _aHard cover | ||
| 942 |
_aNBS _cBK _k410 ETH |
||
| 999 |
_c344011 _d344011 |
||